MARC details
| 000 -CABECERA |
| campo de control de longitud fija |
02195nam a22002657a 4500 |
| 008 - DATOS DE LONGITUD FIJA--INFORMACIÓN GENERAL |
| campo de control de longitud fija |
251014b |||||||| |||| 00| 0 eng d |
| 020 ## - NÚMERO INTERNACIONAL ESTÁNDAR DEL LIBRO |
| Número Internacional Estándar del Libro |
9788411573504 |
| 040 ## - FUENTE DE LA CATALOGACIÓN |
| Centro/agencia transcriptor |
tbs |
| 041 ## - CÓDIGO DE LENGUA |
| Código de lengua del texto/banda sonora o título independiente |
spa |
| 100 ## - ENTRADA PRINCIPAL--NOMBRE DE PERSONA |
| Nombre de persona |
Díaz Gutiérrez, Eva |
| 9 (RLIN) |
26154 |
| Término indicativo de función/relación |
author |
| 245 ## - MENCIÓN DE TÍTULO |
| Título |
Mundo profesional 1 |
| Resto del título |
: guía didáctica : curso de español para ámbitos profesionales A1-A2 |
| Mención de responsabilidad, etc. |
/ Eva Díaz Gutiérrez, Vanessa Ordovás García, Mila Sánchez. |
| 260 ## - PUBLICACIÓN, DISTRIBUCIÓN, ETC. |
| Lugar de publicación, distribución, etc. |
Barcelona : |
| Nombre del editor, distribuidor, etc. |
Difusión, |
| Fecha de publicación, distribución, etc. |
2023. |
| 300 ## - DESCRIPCIÓN FÍSICA |
| Extensión |
128 pages : |
| Otras características físicas |
illustrations (color) ; |
| Dimensiones |
28 cm. |
| 490 ## - MENCIÓN DE SERIE |
| Mención de serie |
Mundo profesional ; |
| Designación de volumen o secuencia |
1 |
| 520 ## - SUMARIO, ETC. |
| Sumario, etc. |
Mundo profesional es un método de español ideal para descubrir el mundo de habla hispana y aprender a comunicarse en diferentes situaciones de la vida profesional. El primer nivel prepara para alcanzar un A2 del Marco Común Europeo de Referencia para las Lenguas.<br/><br/>Esta Guía didáctica ofrece: <br/><br/>• explicaciones detalladas para llevar a cabo las actividades del manual de manera sencilla y eficaz <br/><br/>• ideas complementarias para enriquecer la experiencia de aprendizaje <br/><br/>• soluciones de las actividades del manual <br/><br/>• propuestas metodológicas para trabajar con ritmos de aprendizaje individualizados |
| 520 ## - SUMARIO, ETC. |
| Sumario, etc. |
Mundo profesional is a Spanish-learning method designed to explore the Spanish-speaking world and learn how to communicate in various professional settings. The first level aims to reach an A2 level of the Common European Framework of Reference for Languages.<br/><br/>This Teacher’s Guide offers:<br/>• Detailed explanations to carry out the textbook activities easily and effectively<br/>• Additional ideas to enrich the learning experience<br/>• Answers to the textbook activities<br/>• Methodological suggestions for working with individualized learning paces |
| 650 #0 - PUNTO DE ACCESO ADICIONAL DE MATERIA--TÉRMINO DE MATERIA |
| Término de materia o nombre geográfico como elemento de entrada |
Spanish language |
| Subdivisión general |
Grammar |
| 9 (RLIN) |
10270 |
| 650 #0 - PUNTO DE ACCESO ADICIONAL DE MATERIA--TÉRMINO DE MATERIA |
| Término de materia o nombre geográfico como elemento de entrada |
Spanish language |
| Subdivisión general |
Study and teaching |
| 9 (RLIN) |
26155 |
| 650 #0 - PUNTO DE ACCESO ADICIONAL DE MATERIA--TÉRMINO DE MATERIA |
| Término de materia o nombre geográfico como elemento de entrada |
Spanish language |
| Subdivisión general |
Textbooks for foreign speakers |
| 9 (RLIN) |
12081 |
| 650 #0 - PUNTO DE ACCESO ADICIONAL DE MATERIA--TÉRMINO DE MATERIA |
| Término de materia o nombre geográfico como elemento de entrada |
Spanish language |
| Subdivisión general |
Business Spanish |
| 9 (RLIN) |
26156 |
| 650 #0 - PUNTO DE ACCESO ADICIONAL DE MATERIA--TÉRMINO DE MATERIA |
| Término de materia o nombre geográfico como elemento de entrada |
Spanish language |
| Subdivisión de forma |
Composition and exercises |
| 9 (RLIN) |
26157 |
| 700 ## - ENTRADA AGREGADA--NOMBRE PERSONAL |
| Nombre de persona |
Ordovás García, Vanessa |
| 9 (RLIN) |
26158 |
| Término indicativo de función/relación |
author |
| 700 ## - ENTRADA AGREGADA--NOMBRE PERSONAL |
| Nombre de persona |
Sánchez, Mila |
| 9 (RLIN) |
26159 |
| Término indicativo de función/relación |
author |
| 942 ## - ELEMENTOS DE ENTRADA AGREGADA (KOHA) |
| Fuente del sistema de clasificación o colocación |
Clasificación de Library of Congress |